000 00383 a2200145 4500
005 20250314172740.0
020 _a978-93-5161-059-5
082 _a338.502 MEH
100 _aMEHTA, P. L.
245 _aManagerial Economics: Analysis, Problem and Cases
250 _a21st Ed.
260 _aNew Delhi,
_bSultan Chand,
_c2016.
300 _axx, 820p.: ill.; table.
_c24cm.
942 _2ddc
_cBKS
999 _c679
_d679